Consideraciones sobre el problema de la formación de investigadores sociales (Record no. 64859)

MARC details
000 -CABECERA
campo de control de longitud fija 00596nam a2200205 a 4500
005 - FECHA Y HORA DE LA ÚLTIMA TRANSACCIÓN
campo de control 20210219152948.0
008 - ELEMENTOS DE LONGITUD FIJA--INFORMACIÓN GENERAL
campo de control de longitud fija 991125n 000 0 spa u
035 ## - NÚMERO DE CONTROL DEL SISTEMA
Número de control de sistema UPN01000069171
100 ## - ASIENTO PRINCIPAL--NOMBRE PERSONAL
Nombre de persona LIZARRAGA BERNAL, Alfonso
222 ## - TÍTULO CLAVE
Título clave INTRINGULIS
245 ## - MENCIÓN DE TÍTULO
Título Consideraciones sobre el problema de la formación de investigadores sociales
300 ## - DESCRIPCIÓN FÍSICA
Extensión 18-26
362 ## - FECHAS DE PUBLICACIÓN Y/O DESIGNACIÓN SECUENCIAL
Fecha de publicación y/o designación secuencial 1993 No. 9, jul.-sep.
653 0# - TERMINO DE INDIZACION - NO CONTROLADO
Término no controlado FORMACION DE INVESTIGADORES
653 0# - TERMINO DE INDIZACION - NO CONTROLADO
Término no controlado INVESTIGACION EDUCATIVA
653 0# - TERMINO DE INDIZACION - NO CONTROLADO
Término no controlado INVESTIGACION SOCIAL
653 0# - TERMINO DE INDIZACION - NO CONTROLADO
Término no controlado INVESTIGADORES
904 ## - ELEMENTOS DE DATOS D LOCAL, LDD (RLIN)
a AC
b 006982
905 ## - TIPO DE MATERIAL
Tipo de material Articulo

No items available.